000
00256nam a2200109Ia 4500
005
20251222113744.0
008
251222s1900||||xx |||||||||||||| ||spa||
082
_a
DVD0070/K29/1954
245
0
_a
La ley del silencio
264
_b
Columbia Pictures
942
_c
DVD
999
_c
711
_d
711